000 00314nam a2200133Ia 4500
008 230818s9999 xx 000 0 und d
041 _aeng
100 _aLilicrap
245 _aFood And Beverage service
260 _bHodder Arnold
300 _a493p
520 _aGeneral
999 _c852276
_d852276
650 _aFood and Beverage service